| 000 | 00652nam a22001337a 4500 | ||
|---|---|---|---|
| 040 | _cRUA | ||
| 082 | _aAGR BB ANG B061 Or.1 | ||
| 100 | _aANG SOPHEA | ||
| 245 | _aChemical fertilizer use on rice crop in themokol district, battambang province, (ការប្រើប្រាស់ជីគីមីលើដំណាំស្រូវរបស់ប្រជាកសិករ នៅស្រុកថ្មគោល ខេត្តបាត់ដំបង) | ||
| 260 |
_aphnom penh _bRUA _c2010 |
||
| 300 |
_aix, 55p. _bill. _c29cm. |
||
| 856 | _uhttps://drive.google.com/file/d/16pCOLmwG18mnWuyZUxr5nrYfPkh3-MPa/view?usp=sharing | ||
| 942 | _cAGRBB | ||
| 999 |
_c1476 _d1476 |
||